01701nam a22003137i 4500952013200000999001700132001001000149003001000159005001700169008004100186020001800227040004700245041000800292082002200300245013100322264005900453264001200512300003400524336002700558337003300585338002800618500006500646505055900711563001401270650004001284650002501324700003101349942000701380 00102ddc4070aFUSBCbFUSBCcFICd2019-04-04eCompral0oG 230.044 C434tp14001r2019-12-12 00:00:00w2019-04-04yBKIINV2023 c64922d64922768714001CO-MdFUSB20190409114613.0190403b2014 Ph |||| |||| 00| 0 eng d a9789715033879 aCO-MdFUSBbspacCO-MdFUSBdCO-MdFUSBCerda aeng 223a230.044bC434 2aA theology of the spirit in doctrine and demostration :bEssays in Honor of Wonsuk and Julie Ma.c/ Editado por: Teresa Chai.  1aFilipinas :bAsia Pacific Theological Seminaryc[2014] c© 2014 aXII, 234 Páginas ; c23 cm. 2rdacontentatextobtxt 2rdamediaasin mediaciónbn 2rdacarrieravolumenbnc aLibro de ensayos escrito en honor a doctor Wonsuk y Julie Ma aUn bosquejo histórico de Wonsuk and Julie Ma. -- Encarnación, pentecostés, y formación espiritual virtual: Renovando la educación teológica en el contexto global. -- La espiritualidad misional: una contribución pentecostal a la formación espiritual. -- La educación teológica en un mundo pluralista: Reflexiones teológicas. -- Contextualización y pentecostal-carismática. La educación en una aldea global. -- Reflexiones pentecostales sobre la apostólica. -- Misión en el espíritu: desde Edimburgo a Canberra y Atenas aRústico 09159aTeología doctrinalxHistoria 09142aPentecostalismo 91591aChai,Teresaeeditor. cBK